000
00292nam a22001337a 4500
008
181029b xxu||||| |||| 00| 0 eng d
020
_a
2740218195638
041
_a
eng
080
_2
30 ed
_a
616
100
_a
9
101
_a
fiz
245
_a
Human Physiology
_c
Eric.P.W
942
_2
udc
_c
BK
999
_c
50982
_d
50982